000 00284nam a2200109Ia 4500
008 230822s1934 xx 000 0 und d
041 _aeng
100 _aSMITH.A.B.
245 _aCONCRETE ROADS DESIGN & CONSTRUCTION
260 _bCONFEDERATION OF INDIA INDUSTRA
_c1934
300 _a312
999 _c861819
_d861819